| 000 -CABECERA |
| Longitud fija campo de control |
00816nam a2200241 a 4500 |
| 001 - NÚMERO DE CONTROL |
| Número de control |
1093 |
| 003 - IDENTIFICADOR DEL NÚMERO DE CONTROL |
| Identificador del número de control |
CDMR |
| 005 - FECHA Y HORA DE LA ÚLTIMA TRANSACCIÓN |
| Fecha y hora de la última transacción |
20131203163823.0 |
| 008 - CÓDIGOS DE INFORMACIÓN DE LONGITUD FIJA |
| Códigos de información de longitud fija |
130130s1994||||||||||||||||||||||||||||d |
| 020 ## - NÚMERO INTERNACIONAL NORMALIZADO PARA LIBROS |
| Número Internacional Normalizado para Libros (ISBN) |
8439327315 |
| 040 ## - FUENTE DE LA CATALOGACIÓN |
| Centro catalogador de origen |
CDMR |
| Lengua de catalogación |
cat |
| Centro transcriptor |
CDMR |
| 100 1# - PUNTO DE ACCESO PRINCIPAL-NOMBRE DE PERSONA |
| Nombre de persona |
Gallego Ayala, Juana |
| 9 (RLIN) |
860 |
| 245 13 - MENCIÓN DE TÍTULO |
| Título |
El sostre de vidre |
| Resto del título |
: situació socio-professional de les dones periodistes |
| Mención de responsabilidad, etc. |
Joana Gallego Ayala i Olga del Rio |
| 260 ## - PUBLICACIÓN, DISTRIBUCIÓN, ETC. (PIE DE IMPRENTA) |
| Lugar de publicación, distribución, etc. |
Barcelona |
| Fecha de publicación, distribución, etc. |
1994 |
| Nombre del editor, distribuidor, etc. |
Generalitat de Catalunya. Institut Català de la Dona |
| 300 ## - DESCRIPCIÓN FÍSICA |
| Extensión |
103 p ; |
| Dimensiones |
30 cm |
| 490 0# - MENCIÓN DE SERIE |
| Mención de serie |
Dona i Societat. |
| -- |
Estudis |
| Designación de volumen o secuencia |
5 |
| 650 04 - PUNTO DE ACCESO ADICIONAL DE MATERIA - TÉRMINO DE MATERIA |
| 9 (RLIN) |
2913 |
| Término de materia o nombre geográfico como elemento inicial |
Dones periodistes |
| 650 04 - PUNTO DE ACCESO ADICIONAL DE MATERIA - TÉRMINO DE MATERIA |
| 9 (RLIN) |
3167 |
| Término de materia o nombre geográfico como elemento inicial |
Estudis de dones |
| 650 04 - PUNTO DE ACCESO ADICIONAL DE MATERIA - TÉRMINO DE MATERIA |
| 9 (RLIN) |
2767 |
| Término de materia o nombre geográfico como elemento inicial |
Periodistes |
| Subdivisión de materia general |
Situació legal, lleis, etc |
| 650 04 - PUNTO DE ACCESO ADICIONAL DE MATERIA - TÉRMINO DE MATERIA |
| 9 (RLIN) |
4342 |
| Término de materia o nombre geográfico como elemento inicial |
Mercat de treball |
| Subdivisión geográfica |
Catalunya |
| 700 1# - PUNTO DE ACCESO ADICIONAL - NOMBRE DE PERSONA |
| 9 (RLIN) |
3338 |
| Nombre de persona |
Río, Olga del |
| 942 ## - ENTRADA DE ELEMENTOS AGREGADOS (KOHA) |
| Koha [por defecto] tipo de item |
Monografies |
| Fuente de clasificaión o esquema |
|